วิทยาลัยพยาบาลบรมราชชนนี ยะลา
ระบบห้องสมุดอัตโนมัติ ULIBM BCNYALA - V.6
เปลี่ยนเป็นภาษาไทย

Change to English
 แสดงรายละเอียดบรรณานุกรม
  กลับหน้าหลัก

Brief Record : Get Marc (ISO 2709) : E-mail record : QR code ปิดหน้าต่าง
คู่มือการเขียนบทความเพื่อตีพิมพ์ Review โดย
ใช้งานได้ทุกระบบ
ห้องสมุดวพบ.ยะลา
ใช้งานได้ทุกระบบ เมื่อ8/เมษายน/2569
สารบัญ

Part I เทคนิคการเขียนบทความวิจัย
1.บทนำ
2.สารัตถะของบทความวิจัย
3.หลักการเขียนส่วนหน้าของบทความวิจัย
4.หลักการเขียนบทนำ
5.หลักการเขียนวิธีการวิจัยและผลการวิจัย
6.หลักการเขียนสรุปผลการวิจัย

Part II เทคนิคการเขียนบทความทางวิชาการ
7.สารัตถะของบทความทางวิชาการ
8.หลักการเขียนบทความทางวิชาการ
9.การเผยแพร่บทความ
10.จริยธรรมการเขียนบทความ
11.กรณีศึกษาการเขียนบทความ

E-books : เกี่ยวกับ Collections
LEADER 00000nam 2200000uu 4500
001    3834
003     ULIBM
008    260408s2568||||th 000 0 tha d
020    ^a9786164620780
050  4 ^aLB2369^bส724ค
100 0  ^aสิน พันธุ์พินิจ
245 10 ^aคู่มือการเขียนบทความเพื่อตีพิมพ์=^bA Handbook of Article Writing for Publication/^cสิน พันธุ์พินิจ
246 00 ^aA Handbook of Article Writing for Publication
250    ^aพิมพ์ครั้งที่ 1
260    ^aเชียงใหม่ :^bสำนักพิมพ์คิว-เอ็ด พับลิชชิ่ง,^c2568.
300    ^a200หน้า :^bภาพประกอบ;^c21 ซม.
650  7 ^aการเขียนบทความ
650  7 ^aการเขียนทางวิชาการ
999    ^aฮัซวานี
รายการนี้ยังไม่มีแท็ก
คุณยังไม่ได้ล็อกอิน คุณสามารถมีกิจกรรมร่วมกับเว็บไซต์ได้ แต่ต้องล็อกอินก่อน ::
  ล็อกอิน
ลำดับที่ ประเภท เลขเรียก สถานที่ สถานะ
1. หนังสือทั่วไป
หนังสือทั่วไป
LB2369 ส724ค 2568 ฉ.1 
  
ห้องสมุดวพบ.ยะลา
►หนังสือทั่วไปภาษาไทย
On Shelf
2. หนังสือทั่วไป
หนังสือทั่วไป
LB2369 ส724ค 2568 ฉ.2 
  
ห้องสมุดวพบ.ยะลา
►หนังสือทั่วไปภาษาไทย
On Shelf
3. หนังสือทั่วไป
หนังสือทั่วไป
LB2369 ส724ค 2568 ฉ.3 
  
ห้องสมุดวพบ.ยะลา
►หนังสือทั่วไปภาษาไทย
On Shelf
   [แสดง 3/3 รายการ]

รายการใกล้เคียง
    หัวเรื่อง [การเขียนบทความ]
    หัวเรื่อง [การเขียนทางวิชาการ]

BibComment


ยังไม่เคยถูกคอมเมนท์

คอมเมนท์ทรัพยากรรายการนี้
  คอมเมนท์: คู่มือการเขียนบท..
Bib 3834

 
 
 

 Union Library Management : ULibM

ดูหนังออนไลน์

Copyright 2026. All Rights Reserved.